|
|
|
|
| LEADER |
00000nam a2200000 a 4500 |
| 001 |
vtls001484357 |
| 003 |
SK-MaSNL |
| 005 |
20260302003029.0 |
| 008 |
251124s2003 sz dl f 00000 eng |
| 020 |
|
|
|a 9221128830
|q (brož.)
|
| 035 |
|
|
|a SNK000439651
|
| 040 |
|
|
|a SNK
|b slo
|c SNK
|e AACR2
|
| 041 |
0 |
|
|a eng
|
| 044 |
|
|
|a sz
|c CH
|
| 072 |
|
7 |
|a 331
|x Práca
|2 konspekt
|
| 072 |
|
7 |
|a 331.45
|2 2001
|
| 080 |
|
|
|a 613.6
|2 2001
|
| 080 |
|
|
|a (047)
|2 2001
|
| 245 |
0 |
0 |
|a ILO standards-related activities in the area of occupational safety and health. An in-depth study for discussion with a view to the elaboration of a plan of action for such activities
|b sixth item on the agneda
|
| 250 |
|
|
|a 1st publ.
|
| 260 |
|
|
|a Geneva
|b International Labour Office
|c 2003
|
| 300 |
|
|
|a viii, 124 s.
|b grafy, tab.
|c 30 cm
|e 1 CD
|
| 490 |
1 |
|
|a Report / International Labour Conference, 91st Session 2003
|x 0074-6681
|
| 610 |
2 |
7 |
|a Medzinárodná organizácia práce
|2 SNKKA
|9 18131
|
| 650 |
0 |
7 |
|a bezpečnosť práce
|2 SNKPH
|9 1296
|
| 650 |
0 |
7 |
|a hygiena práce
|2 SNKPH
|9 1298
|
| 655 |
|
7 |
|a správy
|2 SNKPH
|9 70563
|
| 811 |
2 |
|
|a Medzinárodná konferencia práce
|n (91. :
|d 2003 :
|c Ženeva, Švajčiarsko)
|t Report
|9 396134
|
| 919 |
|
|
|a 92-2-112883-0
|
| 999 |
|
|
|c 990421
|d 992351
|
| 952 |
|
|
|t P60, <04>, [BOOK], {604}, -A-
|a SNK
|b SNK
|y VYP
|7 0
|p 17A0456440
|o snkIB 70812
|i snk2005/1776
|8 2
|g 15.53
|3 Príloha: 1 CD-ROM
|0 0
|1 0
|4 0
|d 2004-10-28
|l 0
|r 2005-01-02 00:00:00
|w 2026-02-24
|
| 952 |
|
|
|a SNK
|b SNK
|y VYP
|7 0
|p 17A0456441
|o snkIB 70812/príl.
|i snk2005/1776
|8 2
|z Príloha
|0 0
|1 0
|4 0
|d 2005-02-09
|l 0
|r 2026-02-24 11:47:06
|w 2026-02-24
|